000 00781nam a2200265Ia 4500
003 OSt
005 20221002044806.0
006 a|||||r|||| 00| 0
007 ta
008 220930b |||||||| |||| 00| 0 hin d
020 _a9644391276 (hbk)
024 _a19881
037 _bGift, 25/06/2015,
_cReference Collections
040 _aCRL
_cCRL
_bhin
041 _2hin
_ahin
082 _aP164:4k, 152Q4.1-.3
100 _aShekhar Chander Ed.
245 0 _aFarhang-e-aryan
260 _aAlhoda
_bInternational Publishers and Distri.
_c2011
300 _a241p.
_ccm.
650 _a PERSIAN LANGUAGE
650 _aDICTIONARIES
942 _hP164:4k, 152Q4.1-.3
_cref
_2CC
999 _c911136
_d911136